[Event "Ch New Zealand"]
[Site "masterchessopen.com Wanganui (New Zealand)"]
[Date "2005.01.09"]
[Round "10"]
[White "Ker Anthony F (NZL)"]
[Black "Thornton Giovanni Antonio (NZL)"]
[Result "1-0"]
[WhiteElo "2330"]
[BlackElo "2081"]

1.d4 e6 2.c4 Nf6 3.Nc3 Bb4 4.Bg5 h6 5.Bh4 c5 6.d5 d6 7.e3 exd5 8.cxd5 O-O
9.Bd3 Qe7 10.Ne2 Bg4 11.f3 Bxc3+ 12.bxc3 Bh5 13.e4 Nbd7 14.O-O Ne5 15.c4 g5
16.Be1 g4 17.Ng3 Bg6 18.Bc3 gxf3 19.gxf3 Kh7 20.f4 Nxd3 21.Qxd3 Kg8 22.Rae1
Rfe8 23.f5 Bh7 24.Qd2 Ng4 25.h3 Qh4 26.Kg2 Ne5 27.Rf4 Qf6 28.Nh5 Qg5+ 29.Rg4
Nxg4 30.Qxg5+ hxg5 31.hxg4 Kf8 32.Nf6 Bg8 33.Nxe8 Rxe8 34.Bf6 b6 35.Kf3 a6
36.Rb1 Rb8 37.a4 a5 38.Bxg5 {#r} 1-0

[Event "It (open)"]
[Site "masterchessopen.com Oslo (Norway)"]
[Date "2005.03.19"]
[Round "1"]
[White "Lindblom Roar (NOR)"]
[Black "Moen Andreas (NOR)"]
[Result "0-1"]
[WhiteElo "1936"]
[BlackElo "2244"]

1.d4 Nf6 2.c4 e6 3.Nc3 Bb4 4.Bg5 h6 5.Bh4 c5 6.d5 d6 7.e3 exd5 8.cxd5 O-O
9.Bd3 Nbd7 10.Ne2 Re8 11.O-O a6 12.a4 Rb8 13.Qc2 Qc7 14.b3 Ng4 15.Bg3 Nge5
16.Ne4 b5 17.axb5 axb5 18.Rfc1 Rb6 19.Nd4 Qb8 20.Nc6 Nxc6 21.Nxd6 Nd4 22.Bh7+
Kf8 23.exd4 Rxd6 24.dxc5 Bxc5 25.Bf5 Bd4 26.Ra8 Qxa8 27.Bxd6+ Kg8 28.Qc7 Nb6
29.Bd3 Bd7 30.Bb4 Qxd5 31.Qg3 Bc6 32.Bd2 Be5 33.Qh3 Rd8 34.Ba5 Qxd3 35.Qxd3
Rxd3 36.Bxb6 b4 37.h4 Rxb3 38.Kf1 Bb5+ 39.Ke1 Bc3+ 40.Kd1 Rb2 41.Be3 Be2# 0-1

[Event "It (open)"]
[Site "masterchessopen.com Coventry (England)"]
[Date "2005.03.28"]
[Round "9"]
[White "Winfridsson Ola (SWE)"]
[Black "Chipanga Takaedza (ZIM)"]
[Result "0-1"]
[WhiteElo "2099"]
[BlackElo "2140"]

1.d4 Nf6 2.c4 e6 3.Nc3 Bb4 4.Bg5 h6 5.Bh4 c5 6.d5 d6 7.e3 exd5 8.cxd5 Bxc3+
9.bxc3 Nbd7 10.Ne2 O-O 11.f3 b5 12.Bxf6 Qxf6 13.Rb1 a6 14.a4 Rb8 15.axb5 axb5
16.Qd2 Qg6 17.e4 Ne5 18.Nf4 Qf6 19.Nh5 Qh4+ 20.Ng3 f5 21.exf5 Bxf5 22.Rb2 Rbe8
23.Kd1 Qa4+ {#R} 0-1

[Event "It (cat.1)"]
[Site "masterchessopen.com Budapest (Hungary)"]
[Date "2005.04.06"]
[Round "5"]
[White "Cherniack Alex (USA)"]
[Black "Khadempour Farhad (GER)"]
[Result "1-0"]
[WhiteElo "2225"]
[BlackElo "2192"]

1.d4 Nf6 2.c4 e6 3.Nc3 Bb4 4.Bg5 h6 5.Bh4 c5 6.d5 d6 7.e3 Bxc3+ 8.bxc3 e5
9.Qc2 Nbd7 10.Nf3 e4 11.Nd2 g5 12.Bg3 Qe7 13.h4 g4 14.O-O-O Nb6 15.f3 Bf5
16.fxe4 Bxe4 17.Bxd6 Bxc2 18.Bxe7 Nfxd5 19.cxd5 Nxd5 20.Kxc2 Nxe3+ 21.Kc1 Nxd1
22.Bf6 O-O 23.Kxd1 Rfe8 24.Bc4 Rab8 25.Rf1 b5 26.Bd5 Rb6 27.Ne4 Kh7 28.h5 Kg8
29.Kc2 Ra6 30.Rf4 Ra4 31.Bh4 Re5 32.Bxf7+ Kh7 33.Bf6 Rexe4 34.Rxe4 Rxe4 {#r}
1-0

[Event "It (open)"]
[Site "masterchessopen.com Bajada de la Virgen (Spain)"]
[Date "2005.06.14"]
[Round "3"]
[White "Hernando Rodrigo Jose Maria (ESP)"]
[Black "Gutierrez Olivares Daniel (ESP)"]
[Result "0-1"]
[WhiteElo "2371"]
[BlackElo "2111"]

1.d4 Nf6 2.c4 e6 3.Nc3 Bb4 4.Bg5 h6 5.Bh4 c5 6.d5 d6 7.e3 Bxc3+ 8.bxc3 e5
9.Bd3 Qe7 10.Ne2 Kd8 11.f3 Nbd7 12.Qc2 Nb6 13.f4 g5 14.fxg5 Ng4 15.Bf2 hxg5
16.Ng3 Kc7 17.h3 Nf6 18.Rb1 Bd7 19.Bf5 Nxc4 20.Bxd7 Qxd7 21.Qe2 Nb6 22.e4 g4
23.h4 Qa4 24.O-O Nbd7 25.Be1 Rxh4 26.Bd2 Rg8 27.Rf5 Rh7 28.Bg5 Ne8 29.Rb3 f6
30.Bc1 Nb6 31.Rf2 Qc4 32.Qd1 Rgh8 33.Qxg4 Nxd5 34.Qf3 Nb6 35.Re2 Kb8 36.Kf2 d5
37.Rd2 Rh4 38.Rd1 d4 39.cxd4 cxd4 40.Kg1 Qg8 41.Ba3 Rf4 42.Qe2 Qh7 43.Rf3 Qh2+
44.Kf2 {#R} 0-1

[Event "Memorial Gyorgy Marx (open)"]
[Site "masterchessopen.com Paks (Hungary)"]
[Date "2005.06.15"]
[Round "2"]
[White "Krumpacnik Domen (SLO)"]
[Black "Reiner Sandor (HUN)"]
[Result "1-0"]
[WhiteElo "2377"]
[BlackElo "2230"]

1.d4 Nf6 2.c4 e6 3.Nc3 Bb4 4.Bg5 h6 5.Bh4 c5 6.d5 d6 7.Rc1 g5 8.Bg3 Bxc3+
9.bxc3 e5 10.e3 e4 11.h4 Rg8 12.Qa4+ Qd7 13.Qxd7+ Kxd7 14.hxg5 hxg5 15.Rh6 Ne8
16.f3 Kc7 17.fxe4 Nd7 18.Be2 f6 19.Kd2 Rg7 20.Bg4 Ne5 21.Bxe5 dxe5 22.Bxc8
Rxc8 23.Kd3 Rf7 24.Rf1 Nd6 25.Rfxf6 Rxf6 26.Rxf6 b5 27.cxb5 c4+ 28.Kc2 Nxe4
29.Rc6+ Kb7 30.Rxc8 Kxc8 31.Nf3 Nf6 32.Nxe5 Nxd5 33.Kd2 Nb6 34.e4 Kc7 35.Ke3
Kd6 36.Kd4 Ke6 37.Nxc4 Nd7 38.Ne3 {#r} 1-0

[Event "It (open)"]
[Site "masterchessopen.com Voronezh (Russia)"]
[Date "2005.06.21"]
[Round "9"]
[White "Ulko Jaroslav (RUS)"]
[Black "Kostin Alexey (RUS)"]
[Result "1-0"]
[WhiteElo "2466"]
[BlackElo "2401"]

1.d4 Nf6 2.c4 e6 3.Nc3 Bb4 4.Bg5 h6 5.Bh4 c5 6.d5 d6 7.e3 Bxc3+ 8.bxc3 e5
9.Qc2 g5 10.Bg3 Nh5 11.Bd3 Qf6 12.Nf3 Ng7 13.O-O Bf5 14.Nd2 Qg6 15.Bxf5 Nxf5
16.Rab1 Nd7 17.Qa4 b6 18.Rxb6 O-O 19.Rb7 Nb6 20.Qc2 Rfb8 21.Rxb8+ Rxb8 22.Rb1
Kg7 23.Qe4 Re8 24.f3 Nxe3 25.Qxe3 Nxc4 26.Qe2 Nxd2 27.Rd1 Nxf3+ 28.gxf3 Rb8
29.Bxe5+ Kh7 30.Bg3 Rb6 31.Qe4 Ra6 32.Rb1 Rxa2 33.Bxd6 Rd2 34.Bxc5 {#r} 1-0

[Event "It (open)"]
[Site "masterchessopen.com Sitges (Spain)"]
[Round "1"]
[White "Sanjuan Morigosa Isaura (ESP)"]
[Black "Gonzalez Garcia Jose (MEX)"]
[Result "0-1"]
[WhiteElo "2003"]
[BlackElo "2473"]

1.d4 e6 2.c4 Nf6 3.Nc3 Bb4 4.Bg5 h6 5.Bh4 c5 6.d5 d6 7.a3 Bxc3+ 8.bxc3 e5
9.Qc2 Nbd7 10.e3 e4 11.Ne2 O-O 12.Nc1 Ne5 13.Be2 Bf5 14.O-O Qe7 15.Nb3 g5
16.Bg3 Bg6 17.h4 Nfd7 18.h5 Bh7 19.Nd2 f5 20.Bxe5 Nxe5 21.Rae1 f4 22.Qd1 Qd7
23.Kh2 Rf6 24.Rg1 Raf8 25.Qb1 f3 {#R} 0-1

[Event "Ch NATO"]
[Site "masterchessopen.com Kolobrzeg (Poland)"]
[Date "2005.08.26"]
[Round "6"]
[White "Geerts Luc (BEL)"]
[Black "Patron Pascal (FRA)"]
[Result "0-1"]
[WhiteElo "1545"]
[BlackElo "2015"]

1.d4 Nf6 2.c4 e6 3.Nc3 Bb4 4.Bg5 c5 5.d5 h6 6.Bh4 d6 7.Qd3 exd5 8.cxd5 O-O
9.Qf3 Nbd7 10.a3 Qa5 11.Rc1 Ne5 12.Qf4 Bxc3+ 13.bxc3 Nxd5 14.Qd2 Qxa3 15.e4
Re8 16.Be2 Nb6 17.Nf3 Nec4 18.Qc2 Rxe4 19.O-O Re8 20.Ra1 Qb2 21.Qxb2 Nxb2
22.Bb5 Bd7 {#R} 0-1

[Event "It (open)"]
[Site "masterchessopen.com Benidorm (Spain)"]
[Date "2005.11.13"]
[Round "3"]
[White "Moreto Quintana Alex (ESP)"]
[Black "Cruz Alvarez De Ron Dan (ESP)"]
[Result "0-1"]
[WhiteElo "2096"]
[BlackElo "2244"]

1.d4 e6 2.c4 Nf6 3.Nc3 Bb4 4.Bg5 h6 5.Bh4 c5 6.d5 d6 7.e3 e5 8.Qc2 Nbd7 9.Bd3
Qe7 10.f3 b5 11.Ne2 g5 12.Bg3 Nb6 13.b3 O-O 14.O-O bxc4 15.bxc4 Nh5 16.f4 Nxg3
17.Nxg3 exf4 18.exf4 Qe3+ 19.Kh1 Nxc4 20.Nd1 Qd4 21.Bxc4 gxf4 22.Nh5 Qe5
23.Nxf4 Qxa1 24.Nb2 Bf5 25.Qf2 Bb1 26.Nfd3 Bc3 27.Rd1 Rab8 28.Qf1 Rxb2 29.Nxb2
Qxb2 30.Rxb1 Qd2 31.Qf3 Be5 32.Rf1 Qg5 33.Qe4 f5 34.Qf3 Qh4 35.g3 Qxc4 36.Qh5
Qxf1# 0-1

[Event "Ch France (juniors) (under 16) (g)"]
[Site "masterchessopen.com Aix les Bains (France)"]
[Round "8"]
[White "Labise Ophelie (FRA)"]
[Black "Richard Emma (FRA)"]
[Result "0-1"]
[WhiteElo "1420"]
[BlackElo "2006"]

1.d4 Nf6 2.c4 e6 3.Nc3 Bb4 4.Bg5 h6 5.Bh4 c5 6.d5 d6 7.e3 g5 8.Bg3 Ne4 9.Qc2
exd5 10.cxd5 Bf5 11.Qb3 Qa5 12.Rc1 Nd7 13.f3 c4 14.Bxc4 Ndc5 15.Qd1 Nxc3
16.bxc3 Bxc3+ 17.Kf1 Bd2 18.Be1 Bxe1 19.Qxe1 Qa4 20.e4 Bd7 21.Qc3 O-O 22.Ne2
Rac8 23.Qc2 Qxc2 24.Rxc2 b5 {#R} 0-1

[Event "It (cat.1) (a)"]
[Site "masterchessopen.com Budapest (Hungary)"]
[Date "2006.05.11"]
[Round "6"]
[White "Galyas Miklos (HUN)"]
[Black "Kayar Erdem (TUR)"]
[Result "1-0"]
[WhiteElo "2428"]
[BlackElo "2123"]

1.d4 Nf6 2.c4 e6 3.Nc3 Bb4 4.Bg5 h6 5.Bh4 c5 6.d5 d6 7.e3 e5 8.Bd3 e4 9.Bc2
Bxc3+ 10.bxc3 Qe7 11.Ne2 g5 12.Bg3 Kf8 13.f3 Kg7 14.fxe4 Nxe4 15.O-O Bg4
16.Bxe4 Qxe4 17.Qd2 Qe7 18.Nd4 Nd7 19.h3 cxd4 20.Qxd4+ Ne5 21.c5 f6 22.cxd6
Qxd6 23.Rxf6 Kxf6 24.Rf1+ Bf5 25.e4 Qb6 26.Bxe5+ Ke7 27.Bxh8 Bxe4 28.d6+ Ke6
29.Rf6+ Kd7 30.Rf7+ Kc6 31.Rc7+ Kb5 32.Qxb6+ Kxb6 33.Bd4+ Ka6 34.d7 Bf5 35.Bf6
{#r} 1-0

[Event "It (open)"]
[Site "masterchessopen.com Ceska Trebova (Czech Republic)"]
[Date "2006.08.28"]
[Round "4"]
[White "Hasan Al Hatim (EGY)"]
[Black "Kyselka Daniel (CZE)"]
[Result "1-0"]
[WhiteElo "2116"]
[BlackElo "1830"]

1.d4 Nf6 2.c4 e6 3.Nc3 Bb4 4.Bg5 h6 5.Bh4 c5 6.d5 d6 7.e3 Bxc3+ 8.bxc3 e5
9.Bd3 g5 10.Bg3 Qe7 11.f3 Nbd7 12.Qc2 Nh5 13.Bf2 Ndf6 14.g4 Ng7 15.h4 e4
16.Bxe4 Nxe4 17.Qxe4 Qxe4 18.fxe4 Bxg4 19.hxg5 h5 20.Ne2 Kd7 21.Bg3 Rae8
22.Rf1 Re7 23.Rb1 b6 24.a4 h4 25.Bh2 Rh5 26.a5 Kc7 27.axb6+ axb6 28.e5 Nf5
29.exd6+ Nxd6 30.Rf6 Rd7 31.Ra1 Rxg5 32.Ra7+ Kd8 33.Rxd7+ Kxd7 34.Rxd6+ Ke7
35.Rxb6 Bxe2 36.Bd6+ Kd7 37.Kxe2 h3 38.Bf4 h2 39.Rh6 {#r} 1-0

[Event "Extraliga 2006/07"]
[Site "masterchessopen.com Slovakia"]
[Date "2006.11.11"]
[Round "3"]
[White "Csiba Dominik (SVK)"]
[Black "Jurcik Martin (SVK)"]
[Result "0-1"]
[WhiteElo "2070"]
[BlackElo "2285"]

1.d4 Nf6 2.c4 e6 3.Nc3 Bb4 4.Bg5 h6 5.Bh4 c5 6.d5 d6 7.a3 Bxc3+ 8.bxc3 exd5
9.cxd5 O-O 10.f3 Nbd7 11.e4 Re8 12.Bd3 Nxe4 13.Bxe4 Qxh4+ 14.Kf1 Nf6 15.g3 Qh5
16.Qd3 Qe5 17.Kf2 Nxe4+ 18.Qxe4 Qxe4 19.fxe4 Rxe4 20.Nf3 Bg4 21.Rhe1 Rae8
22.Rxe4 Rxe4 23.Ng1 Rc4 24.h3 Bd7 25.Rc1 Ra4 26.Rb1 b5 27.Rb3 c4 {#R} 0-1

[Event "Ch City (1/2 final)"]
[Site "masterchessopen.com Omsk (Russia)"]
[Date "2006.12.24"]
[Round "8"]
[White "Dobronravov Oleg (RUS)"]
[Black "Ermoshenko Vitaly (RUS)"]
[Result "1-0"]
[WhiteElo "2120"]
[BlackElo "1956"]

1.d4 Nf6 2.c4 e6 3.Nc3 Bb4 4.Bg5 h6 5.Bh4 c5 6.d5 d6 7.e3 Bxc3+ 8.bxc3 e5 9.f3
Nbd7 10.Bd3 Qe7 11.Qc2 g5 12.Bg3 h5 13.h4 g4 14.Ne2 Rg8 15.O-O-O b5 16.cxb5
Nxd5 17.Be4 Nxe3 18.Qd3 d5 19.Qxe3 dxe4 20.Qxe4 Rb8 21.c4 gxf3 22.gxf3 Rg6
23.Rhg1 Bb7 24.Qf5 Qe6 25.Qd3 Rd8 26.Nc3 f5 27.Nd5 {#r} 1-0

[Event "It (open) \"]
[Site "masterchessopen.com Moscow (Russia)"]
[Date "2007.02.18"]
[Round "5"]
[White "Li Shilong (CHN)"]
[Black "Balogh Csaba (HUN)"]
[Result "0-1"]
[WhiteElo "2509"]
[BlackElo "2562"]

{ } 1.d4 Nf6 2.c4 e6 3.Nc3 Bb4 4.Bg5 h6 5.Bh4 c5 6.d5 d6 7.e3 Bxc3+ 8.bxc3 Qe7
9.Bd3 Nbd7 { ? } ( 9...e5 10.Ne2 Nbd7 11.f3 Nf8 12.Qc2 g5 13.Bf2 e4 14.Bxe4
Nxe4 15.fxe4 Ng6 16.Bg3 h5 17.h3 h4 18.Bh2 Bd7 19.Ng1 O-O 20.Nf3 Rae8 21.e5
dxe5 22.O-O-O e4 23.Nd2 Kg7 24.Kb1 f6 25.Nb3 b6 26.Ka1 Rf7 27.Rhf1 f5 28.Nd2
Ne5 29.g3 { ...0-1, Roiz Michael 2512 - Sakaev Konstantin 2645 , Panormo 2002
Ch Europe (blitz) } ) 10.Nf3 e5 { ? } 11.Nd2 g5 ( 11...O-O 12.Qe2 Re8 13.f3 b6
14.a4 Ba6 15.e4 Nf8 16.Bf2 Ng6 17.g3 Reb8 18.Nf1 Bc8 19.Ne3 Nf8 20.h4 g6 21.g4
Bd7 22.Qd2 a6 23.Nf1 Kg7 24.Ng3 Ng8 25.O-O Qe8 26.Be3 Bxa4 27.f4 Bd7 28.f5 f6
29.g5 fxg5 30.hxg5 hxg5 31.Bxg5 { ...1-0, Atalik Suat 2525 - Angelis Mihail
2253 , Ano Liosia 1995 It (open) } ) 12.Bg3 e4 ( 12...Kd8 13.Bf5 Kc7 14.O-O h5
15.h3 h4 16.Bh2 Nh5 17.Rb1 Ng7 18.Bxd7 Bxd7 19.f4 f6 20.fxe5 fxe5 21.Ne4 b6
22.a4 Bf5 23.Qc2 a5 24.Rb2 Rab8 25.Qb1 Rhf8 26.Rbf2 Bg6 27.Qb5 Rxf2 28.Rxf2
Bxe4 29.Qc6+ Kd8 30.Bxe5 Ne8 31.Bh2 Qd7 32.Rf8 { ...0-1, Comas Fabrego Lluis
2495 - Dizdar Goran 2530 , Barcelona 1991 It "Barcelona Vulca" } ) ( 12...h5
13.h4 g4 14.a4 a5 15.O-O Rg8 16.Rb1 Kd8 17.f4 gxf3 18.Qxf3 Kc7 19.Rb2 b6
20.Be1 Ba6 21.Ne4 Nxe4 22.Qxe4 Rg7 23.Rbf2 Rh8 24.Be2 Bc8 25.Rf5 Rgh7 26.Qf3
f6 27.e4 Qe8 28.Bd2 Qg6 29.Kh2 Rg7 30.Rf2 Rgh7 31.g3 Rg8 32.Bf1 { ...1/2-1/2,
Neverov Valeriy 2465 - Zaid Leonid D, Kiev 1986 Ch Ukraine } ) ( 12...Kf8
13.Bc2 Kg7 14.O-O e4 15.f3 exf3 16.Qxf3 Rf8 17.Qe2 Ne5 18.h3 Ng8 19.Rf2 f5
20.Raf1 Nf6 21.Bxf5 Bxf5 22.Rxf5 Nfd7 23.e4 Ng6 24.Qf2 Nde5 25.Qe2 Rf7 26.R1f2
Raf8 27.Nf1 Qc7 28.Ne3 Qa5 29.Rxf7+ Rxf7 30.Nf5+ Rxf5 31.exf5 Qxc3 32.Kh2 {
...1-0, Dao Thien Hai 2545 - Anka Emil 2410 , Budapest 1995 It (cat.8) } )
13.Bc2 Nf8 ( 13...Kd8 14.h4 Re8 15.Qb1 Kc7 16.a4 Ne5 17.Ra2 a5 18.hxg5 hxg5
19.Rh6 Nfg4 20.Rxd6 Qxd6 21.Nxe4 Qh6 22.Qb5 Kd8 23.Rb2 b6 24.Nxg5 Qxg5
25.Qxb6+ Ke7 26.Qxc5+ Kf6 27.f4 Qh5 28.fxe5+ Kg7 29.Be4 Nxe5 30.Qd4 Kg8 31.d6
Bf5 32.Rb5 Qh1+ 33.Ke2 { ...0-1, Sasikiran Krishnan 2573 - Milos Gilberto 2633
, Istanbul 2000 Olympiad } ) ( 13...Nb6 { +0.41 CAP } ) 14.Qb1 Bf5 { +1.17 CAP
} 15.f3 { ?! N } ( 15.Ba4+ { !? } 15...Kd8 16.O-O Ng6 17.Qb5 Rb8 18.Rab1 b6
19.h3 { } ) ( 15.O-O h5 16.f4 h4 17.fxg5 hxg3 18.gxf6 Qe5 19.Qxb7 Bc8 20.Qxa8
Kd8 21.Qxa7 Nd7 22.Qa5+ { 1-0, Julia Ernesto 2374 - Slipak Sergio 2521 , Villa
Martelli 1999 It (open) } ) 15...exf3 16.O-O Bxc2 17.Qxc2 Nh5 18.Bxd6 { ?! } (
18.Rxf3 { !? } 18...Nxg3 19.hxg3 Nd7 20.Qf5 Ne5 21.Rf2 b6 22.Rb1 Qd7 23.Qf6
Rh7 24.Ne4 { } ) 18...Qxd6 19.Qe4+ Qe7 20.Qxf3 Ng7 21.Rab1 Nd7 { ?! } (
21...O-O-O { !? } 22.Qxf7 Qxe3+ 23.Rf2 Rd7 24.Qf6 Nh7 25.Qxh6 Rf8 26.Rf1 { } )
22.Rxb7 O-O 23.d6 { ?! } ( 23.Qh3 { !? } 23...Rfd8 24.a4 a5 25.e4 Rab8 26.Rfb1
Rxb7 27.Rxb7 Qd6 { } ) 23...Qe6 24.Qd5 Nb6 25.Qxc5 Rac8 26.Qd4 Nf5 27.Rxf5
Qxf5 28.Ne4 Rxc4 29.Nf6+ Kh8 { } {#R} 0-1

[Event "Ch City"]
[Site "masterchessopen.com Voronezh (Russia)"]
[Date "2007.03.05"]
[Round "3"]
[White "Chuprikov Dmitry (RUS)"]
[Black "Provotorov Ivan (RUS)"]
[Result "1-0"]
[WhiteElo "2404"]
[BlackElo "2401"]

1.d4 Nf6 2.c4 e6 3.Nc3 Bb4 4.Bg5 h6 5.Bh4 c5 6.d5 d6 7.e3 g5 8.Bg3 Ne4 9.Qc2
Qa5 10.Rc1 Nxg3 11.hxg3 Qxa2 12.Nf3 exd5 13.Kd1 Qa5 14.Nxd5 Qd8 15.b3 Nc6
16.Qb2 f6 17.Nxg5 Ne5 18.Ne4 f5 19.Nef6+ Kf7 20.Be2 Ng4 21.Bxg4 fxg4 22.Nh5
Rg8 23.Qc2 Rh8 24.Nhf4 Qg8 25.Qe4 Qg5 26.Rh4 Re8 27.Qh7+ Qg7 28.Rxh6 {#r} 1-0

[Event "It (open)"]
[Site "masterchessopen.com Foxwoods (USA)"]
[Date "2007.04.05"]
[Round "3"]
[White "Taylor Timothy (USA)"]
[Black "Kahn Aaron E (USA)"]
[Result "1-0"]
[WhiteElo "2322"]
[BlackElo "2203"]

1.d4 Nf6 2.c4 e6 3.Nc3 Bb4 4.Bg5 c5 5.d5 h6 6.Bh4 d6 7.e3 Bxc3+ 8.bxc3 e5
9.Bd3 Nbd7 10.Ne2 O-O 11.Qc2 Re8 12.f3 g5 13.Bg3 e4 14.Bxe4 Nxe4 15.fxe4 Nf6
16.e5 dxe5 17.O-O Bg4 18.Rab1 b6 19.Rb2 Kg7 20.Be1 Bxe2 21.Qxe2 Ne4 22.Qd3 Nd6
23.e4 f5 24.exf5 Qf6 25.g4 h5 26.h4 e4 27.Qh3 Kf7 28.Rg2 Rg8 29.hxg5 Qxg5
30.Bh4 hxg4 31.Qg3 Qh6 32.Rf4 Rae8 33.Rxg4 Rxg4 34.Qxg4 e3 35.f6 {#r} 1-0

[Event "It (open)"]
[Site "masterchessopen.com Lodi (Italy)"]
[Date "2007.06.08"]
[Round "1"]
[White "Sibilio Mario (ITA)"]
[Black "Pelizzola Danilo (ITA)"]
[Result "1-0"]
[WhiteElo "2381"]
[BlackElo "2093"]

1.d4 Nf6 2.c4 e6 3.Nc3 Bb4 4.Bg5 h6 5.Bh4 c5 6.d5 d6 7.e3 exd5 8.cxd5 g5 9.Bg3
Ne4 10.Bb5+ Bd7 11.Bxd7+ Nxd7 12.Ne2 Qe7 13.a3 Bxc3+ 14.Nxc3 Ndf6 15.Qa4+ Kf8
16.Rc1 Kg7 17.O-O a6 18.Rfe1 b5 19.Qd1 Rae8 20.Ne2 Nh5 21.b4 Nhxg3 22.Nxg3
Nxg3 23.hxg3 c4 24.e4 h5 25.Rc3 g4 26.f4 Qa7+ 27.Kh2 f6 28.Rce3 Rhf8 29.Qa1 a5
30.bxa5 Qxa5 31.e5 fxe5 32.fxe5 dxe5 33.Rxe5 Rxe5 34.Rxe5 Rf6 35.Rg5+ Kf7
36.Qb1 Ke7 37.Qe4+ Kf8 38.Qh7 Rf7 39.Rg8+ Ke7 40.d6+ Ke6 41.Rg6+ Rf6 42.Qe7+
{#r} 1-0

[Event "Tournament (Elo)"]
[Site "masterchessopen.com Belgorod (Russia)"]
[Date "2007.06.09"]
[Round "14"]
[White "Krupoder Sergey (RUS)"]
[Black "Uzhva Andrey (RUS)"]
[Result "0-1"]
[WhiteElo "2093"]
[BlackElo "2229"]

1.d4 Nf6 2.c4 e6 3.Nc3 Bb4 4.Bg5 h6 5.Bh4 c5 6.d5 d6 7.e3 O-O 8.Bd3 Bxc3+
9.bxc3 Nbd7 10.Ne2 Qa5 11.O-O e5 12.Qc2 Re8 13.e4 Qd8 14.a4 Nf8 15.Rab1 Ng6
16.Bg3 h5 17.f3 h4 18.Bf2 Nh5 19.Be3 Ngf4 20.Bxf4 exf4 21.Qd2 Qg5 22.Kh1 Re5
23.Rg1 Ng3+ 24.Nxg3 hxg3 25.h3 Qh6 26.Rgd1 g6 27.a5 Kg7 28.Kg1 Rb8 29.Rb2 Rh5
30.Bf1 Kf6 31.Rdb1 Ke5 32.Qc2 Qg5 33.Qa4 Rh8 34.a6 b6 35.Ra1 Qe7 36.Bd3 Bd7
37.Qa2 Rh4 38.Kf1 Qg5 39.Ke1 Rbh8 40.Bf1 Qh5 41.Qb1 Bxh3 {#R} 0-1

[Event "Ch Southern California"]
[Site "masterchessopen.com Los Angeles (USA)"]
[Date "2007.07.14"]
[Round "5"]
[White "Taylor Timothy (USA)"]
[Black "Sevillano Enrico (USA)"]
[Result "0-1"]
[WhiteElo "2322"]
[BlackElo "2513"]

1.d4 Nf6 2.c4 e6 3.Nc3 Bb4 4.Bg5 h6 5.Bh4 c5 6.d5 d6 7.e3 g5 8.Bg3 exd5 9.cxd5
Ne4 10.Bb5+ Nd7 11.Ne2 a6 12.Bd3 Nxg3 13.Nxg3 Ne5 14.O-O Bxc3 15.bxc3 g4
16.Bf5 h5 17.Bxc8 Qxc8 18.Rb1 h4 19.Ne4 Ke7 20.f4 gxf3 21.Rxf3 b5 22.Rf6 Rg8
23.Qf1 Qg4 24.Rf4 Qg6 25.a4 Rab8 26.Qf2 bxa4 27.Rf1 a3 28.Rf6 Qxe4 29.Rxf7+
Ke8 30.Rf4 Qxd5 31.e4 Qe6 32.Qxh4 Kd7 33.Qh7+ Qe7 34.Rf7 Nxf7 35.Rxf7 Rb1+
36.Kf2 Rf8 37.Qf5+ Ke8 {#R} 0-1

[Event "Memorial M.Sadoveanu (open)"]
[Site "masterchessopen.com Romania"]
[Date "2007.08.24"]
[Round "8"]
[White "Danilov Vladimir"]
[Black "Garmacea Bogdan (ROM)"]
[Result "1-0"]
[WhiteElo "2409"]
[BlackElo "2149"]

1.d4 e6 2.c4 Nf6 3.Nc3 Bb4 4.Bg5 h6 5.Bh4 c5 6.d5 d6 7.e3 Bxc3+ 8.bxc3 e5
9.Bd3 e4 10.Bc2 g5 11.Bg3 Qe7 12.h4 Rg8 13.hxg5 hxg5 14.Ne2 Nbd7 15.Ba4 Kd8
16.Bxd7 Nxd7 17.a4 a5 18.Rb1 Kc7 19.Kd2 b6 20.Qb3 Ba6 21.Rh6 f6 22.Rbh1 Rg7
23.Kc2 Rf8 24.Bh4 Rh7 25.Rxh7 Qxh7 {#r} 1-0

[Event "Ch Wuerttemberg (b)"]
[Site "masterchessopen.com Tuebingen (Germany)"]
[Date "2007.08.27"]
[Round "3"]
[White "Hittinger Immanuel (GER)"]
[Black "Seyrich Maximilian (GER)"]
[Result "0-1"]
[WhiteElo "1865"]
[BlackElo "1910"]

1.d4 Nf6 2.c4 e6 3.Nc3 Bb4 4.Bg5 h6 5.Bh4 c5 6.d5 d6 7.e3 Bxc3+ 8.bxc3 g5
9.Bg3 e5 10.Bd3 Qe7 11.Ne2 Nbd7 12.f3 e4 13.fxe4 Nxe4 14.O-O Ndf6 15.Qc2 Bg4
16.Rae1 O-O-O 17.a4 h5 18.Nc1 h4 19.Bf2 h3 20.Bxe4 Nxe4 21.Bg3 f5 22.Rf2 Nxf2
23.Qxf2 hxg2 24.Qxg2 Bh3 25.Qd2 Qe4 26.Nd3 Kd7 27.Qb2 Kc8 28.Qd2 Rhe8 29.a5
Qf3 30.Nb2 Rxe3 31.Nd1 Rxe1+ 32.Bxe1 Qf1# 0-1

[Event "It \"]
[Site "masterchessopen.com Nikea (Greece)"]
[Date "2008.06.24"]
[Round "5"]
[White "Kalogiannidis Ioannis (GRE)"]
[Black "Balaskas Panayotis (GRE)"]
[Result "0-1"]
[WhiteElo "2020"]
[BlackElo "2128"]

1.d4 Nf6 2.c4 e6 3.Nc3 Bb4 4.Bg5 c5 5.d5 h6 6.Bh4 d6 7.f3 g5 8.Bg3 e5 9.e4
Bxc3+ 10.bxc3 Qa5 11.Qc2 Nbd7 12.Bd3 Nb6 13.Ne2 Bd7 14.h4 O-O-O 15.a3 Kc7
16.hxg5 hxg5 17.Kd2 Rxh1 18.Rxh1 Qxa3 19.Rh6 Ba4 20.Qb1 Nfd7 21.f4 exf4
22.Nxf4 gxf4 23.Bxf4 Ne5 24.Bxe5 dxe5 25.Qf1 Qb2+ 26.Ke3 Qxc3 27.Qxf7+ Kc8
{#R} 0-1

[Event "It (open)"]
[Site "masterchessopen.com Cambados (Spain)"]
[Date "2008.08.05"]
[Round "5"]
[White "Patino Romaris Juan Roberto (ESP)"]
[Black "Petkov Vladimir (BUL)"]
[Result "0-1"]
[WhiteElo "2272"]
[BlackElo "2484"]

1.d4 Nf6 2.c4 e6 3.Nc3 Bb4 4.Bg5 h6 5.Bh4 c5 6.d5 d6 7.e3 g5 8.Bg3 Ne4 9.Ne2
h5 10.f3 h4 11.Bf2 Nxf2 12.Kxf2 e5 13.a3 Ba5 14.b4 Bb6 15.Na4 Nd7 16.Nec3 f5
17.Qb1 e4 18.Be2 h3 19.g3 exf3 20.Bxf3 Qf6 21.Rf1 O-O 22.Be2 Bd8 23.bxc5 dxc5
24.Ra2 Qe5 25.Qd3 Nf6 26.Kg1 b6 27.Nb2 a6 28.Nbd1 Ra7 29.Bf3 Raf7 30.Raf2 Bd7
31.a4 Bc7 32.Be2 Ne8 33.Bh5 Re7 34.Bxe8 Rexe8 35.Qd2 Bd6 36.Qd3 Rf6 37.Kh1 Kg7
38.Rf3 Ref8 39.R3f2 Be8 40.Qd2 Bg6 41.Kg1 Qe7 42.Qb2 Be5 43.Qd2 Qd6 44.Qe2 Re8
45.Qd2 f4 46.gxf4 gxf4 {#R} 0-1

[Event "It (open)"]
[Site "masterchessopen.com New Delhi (India)"]
[Date "2009.01.15"]
[Round "6"]
[White "Akshat Khamparia (IND)"]
[Black "Preethi R (IND)"]
[Result "1-0"]
[WhiteElo "2273"]
[BlackElo "2133"]

1.d4 Nf6 2.c4 e6 3.Nc3 Bb4 4.Bg5 h6 5.Bh4 c5 6.d5 d6 7.e3 O-O 8.Bd3 Qe7 9.Ne2
Nbd7 10.O-O g5 11.Bg3 e5 12.f4 e4 13.Bc2 Nb6 14.fxg5 hxg5 15.b3 Ne8 16.Be1 f5
17.a3 Ba5 18.Qb1 Nd7 19.b4 cxb4 20.axb4 Bb6 21.c5 dxc5 22.Na4 Bc7 23.Qb3 Bd6
24.Ng3 Ng7 25.bxc5 Nxc5 26.Nxc5 Bxc5 27.d6+ Qe6 28.Bb4 b6 29.Bxc5 bxc5 30.Qc3
Qxd6 31.Bxe4 fxe4 32.Nxe4 Qe7 33.Rxf8+ Kxf8 34.Rf1+ Kg8 35.Qd3 Bf5 36.Qd5+ Kh7
37.Rxf5 Nxf5 38.Qxa8 Nxe3 39.h3 Qg7 40.Kf2 Nf5 41.Kf3 Nh4+ 42.Kg4 Ng6 43.Qd5
Ne5+ 44.Kf5 Nf7 45.Nf6+ Kh6 46.Ke6 Qg6 {#r} 1-0

[Event "Ch Romania"]
[Site "masterchessopen.com Eforie Nord (Romania)"]
[Date "2009.02.04"]
[Round "5"]
[White "Bonte Andrei (ROM)"]
[Black "Gheorghiu Calin (ROM)"]
[Result "1-0"]
[WhiteElo "2335"]
[BlackElo "1763"]

1.d4 Nf6 2.c4 e6 3.Nc3 Bb4 4.Bg5 c5 5.d5 h6 6.Bh4 d6 7.Nf3 Qe7 8.Qc2 b6
9.O-O-O Bxc3 10.bxc3 e5 11.e3 Bd7 12.Nd2 Na6 13.Bd3 Nc7 14.f4 b5 15.fxe5 Qxe5
16.Bg3 Qe7 17.cxb5 Bxb5 18.c4 Bd7 19.h3 O-O 20.Qc3 Nh5 21.Bh2 f5 22.g4 fxg4
23.hxg4 Bxg4 24.Rdg1 Bf5 25.Bxd6 Qxd6 26.Rxh5 Qe7 27.Rxf5 Rxf5 28.Bxf5 {#r}
1-0